000 00660nam a2200289Ia 4500
005 20260324142048.0
008 008 260324s9999 xx 000 0 eng d
020 _a9781351310567
037 _aEBOOK
040 _aCRL
040 _beng
040 _cCRL
041 _2eng
041 _aeng
084 _qCRL
100 _aBryan Green
_91210542
245 0 _aGetting Better
245 0 _bTelevision and Moral Progress
260 _bTaylor and Francis
260 _c1996
365 _a
365 _b230
856 _uhttp://www.taylorfrancis.com/books/9781351310567
942 _cEBOOK
999 _c1814303
_d1814303